U.S. States with Female Governors - Statistics

General Stats
  • This quiz has been taken 283 times
    89 since last reset
  • The average score is 9 of 12
Answer Stats
Governor State % Correct
Gretchen Whitmer Michigan
92%
Kathy Hochul New York
91%
Janet Mills Maine
88%
Sarah Huckabee Sanders Arkansas
84%
Katie Hobbs Arizona
79%
Kay Ivey Alabama
76%
Kelly Ayotte New Hampshire
76%
Tina Kotek Oregon
76%
Maura Healy Massachusetts
73%
Michelle Lujan Grisham New Mexico
72%
Kim Reynolds Iowa
69%
Laura Kelly Kansas
60%
No matching quizzes found
Score Distribution
Percent of People with Each Score
Percentile by Number Answered
Your Score History
You have not taken this quiz since the last reset